| 000 | 00840nam a2200313Ia 4500 | ||
|---|---|---|---|
| 001 | Z_5971 | ||
| 003 | CHAP | ||
| 008 | 220113s2007 xx 000 0 und d | ||
| 010 | _a169187 | ||
| 020 | _a978-950-555-321-1 | ||
| 040 | _cCHAP | ||
| 082 | _a636.0896 M53 | ||
| 245 |
_aMicrobiología veterinaria / _ceditor Néstor Oscar Stanchi ; editor Pablo Eduardo Martino ... [et al.] |
||
| 260 |
_aArgentina : _b, _c2007 |
||
| 300 | _axx, 594 p. | ||
| 503 | _aej.1: C/E | ||
| 504 | _aIncluye bibliografía por capítulo | ||
| 650 |
_aCitología _923489 |
||
| 650 |
_aCultivo bacteriano _9143575 |
||
| 650 |
_aMicrobiología veterinaria _975500 |
||
| 650 |
_aMicroscopía _9143576 |
||
| 650 |
_aMuestras _9143577 |
||
| 901 | _a636.0896 M53 | ||
| 902 | _aM | ||
| 910 | _a2007 | ||
| 942 | _c1 | ||
| 942 | _cc1 | ||
| 999 |
_c169187 _d169187 |
||